000 00904nam a2200205Ia 4500
999 _c40076
_d40076
001 6682
003 GE_BSU
005 20190627195406.0
008 181216s1971|||| |||||||||||||| ||geo||
080 _a621.43.01(075.8) მ-44
100 _aმახალდიანი, ვ.
_93001
245 _aშიგა წვის ძრავების თეორია : სახელმძღვ. /
_cვ. მახალდიანი, ; რედ : პ. ლაბარტყავა.
264 _aთბილისი :
_bგანათლება,
_c1971.
300 _a407 გვ .:
_bილ ;
_c22 სმ.
504 _aბიბლიოგრ.:გვ.404-405
653 _aშიგა წვის ძრავების თეორია
653 _aტექნიკა
700 _aლაბარტყავა, პ
_eრედაქტორი
_9523
942 _cBK
_2udc